Vista normal
Vista MARC
Entrada Personal Name
Número de registros utilizados en: 16
001 - CONTROL NUMBER
- control field: 46089
003 - CONTROL NUMBER IDENTIFIER
- control field: OSt
005 - DATE AND TIME OF LATEST TRANSACTION
- control field: 20241126085526.0
008 - FIXED-LENGTH DATA ELEMENTS
- fixed length control field: 241126|| aca||aabn | a|a d
040 ## - CATALOGING SOURCE
- Original cataloging agency: OSt
- Transcribing agency: OSt
100 ## - HEADING--PERSONAL NAME
- Personal name: Díaz, Gloria Cecilia,
- Dates associated with a name: 1951-
670 ## - SOURCE DATA FOUND
- Source citation: Work cat.: (OSt)40643: Díaz, Gloria Cecilia, 1951-, Cuentos y leyendas de América Latina